Регионална библиотека "Любен Каравелов" - Русе

Волжка България и Казанското ханство (Запис номер 130466)

MARC детайли
000 -Лидер
Контролно поле с фиксирана дължина 01746nam a2200397 a 4500
003 - Код на организацията, давaща контролен номер
Контролно поле BLK
005 - Дата и час на последна редакция
Контролно поле 20250320164313.0
008 - Елементи от данни с фиксирана дължина
fixed length control field 180409b bul|||||r ||||||| ||bul||
010 ## - Наследен системен номер
LC control number KNG00136231000
020 ## - Международен стандартен номер на книга ISBN
Международен стандартен номер на книга ISBN 978-954-516-946-5
040 ## - Източник на каталожния запис
Идентификатор на билиотеката - собственик на записа BLK
041 ## - Код за език
Код за езика на текст/звукозапис или на отделно заглавие Български
Код за езика КДБФ Български
080 ## - УДК
Текстов определител УДК История на цивилизацията. История на културата
УДК код - определител по УДК 930.85
УДК определител (470.41)(093)
УДК - код + определител 930.85(470.41)(093)
080 ## - УДК
Текстов определител УДК Митологични сказания и сюжети
УДК код - определител по УДК 398.22
УДК определител (470.41)
УДК - код + определител 398.22(470.41)
100 ## - Редна дума - Автор
R(LIN) 283713
Автор Владимиров, Георги Владимиров
Авторска отговорност първи автор
139 ## - Редно поле
Редна дума Владимиров, Георги Владимиров
Авторски знак Владим - В 70
245 10 - Сведения за заглавието
Заглавие Волжка България и Казанското ханство
Подзаглавни данни Предания и легенди на народите по Средна Волга
Редно поле (дума) авт.-състав. Георги Владимиров
257 ## - Страна на издаване
Страна на създаване/издаване България
260 ## - Област на издателските данни
Място на издаване, разпространение и проч. Пловдив
Име на издателя, разпространителя и проч. Летера
Година на издаване 2011
Печатница Костинброд : Мултипринт
300 ## - Физическа характеристика
Страници 120 с.
Илюстрации и др. с цв. ил., к., портр.
Размери/Мащаб 23 см
380 ## - Жанр
Жанр История
500 ## - Общи забележки
Забележка Рез. на рус., англ. ез. - Азб. показалец
504 ## - Забележка за наличие на библиография и др
Забележка за наличие на библиография и под. Библиогр. с. 114-115
650 #4 - Допълнително описание по предмет – тема
Основно описание – тема или топоним Волжки българи - история
9 (RLIN) 283715
650 #0 - Допълнително описание по предмет – тема
Основно описание – тема или топоним Народно творчество, словесно
9 (RLIN) 286526
650 #7 - Допълнително описание по предмет – тема
Основно описание – тема или топоним Татарстан - история
9 (RLIN) 173199
653 ## - Ключова дума – ненормативна
Ключова дума предания
653 ## - Ключова дума – ненормативна
Ключова дума легенди
852 ## - Местоположение
Форматна сигнатура Цб 257077
856 4# - Електронен адрес и достъп
Електронен формат pdf - файл
856 4# - Електронен адрес и достъп
Електронен формат pdf - файл
999 ## - СИСТЕМНИ КОНТРОЛНИ НОМЕРА
Koha biblionumber 130466
Koha biblioitemnumber 130466
942 ## - АРТИКУЛИ
Вид на библиотечния материал Книги
Скрит в OPAC Не
Koha issues (borrowed), all copies 7
Периодичен библиозапис Да
944 ## - СЪЗДАВАНЕ И РЕДАКЦИЯ на ЗАПИСА
Създаване/Редакция Създаване
Дата на регистрацията/редакция 15.11.2012
Служител, извършил регистрацията/редакцията 30535
Статус, дата на статуса Христина Везирева
944 ## - СЪЗДАВАНЕ И РЕДАКЦИЯ на ЗАПИСА
Създаване/Редакция Редакция
Дата на регистрацията/редакция 2022-08-30
999 ## - СИСТЕМНИ КОНТРОЛНИ НОМЕРА
Koha biblioitemnumber 130466
Наличности
Код за отписване Код за изгубен артикул Код за повреда Коз за рестрикции Код за отдаване Артикулен № Име на библиотеката - собственик Име на библиотеката, в която се намира в момента Статус (Текущо местоположение) Дата на вписване в системата Местоположение - отдел Цена в лева Инвентарен номер Систематично азбучна сигнатура Баркод Номер на екземпляра Цена в евро Служебна бележка Служебен тип на артикула Източник на класификационната схема
Изтеглен Не е изгубен Не е повреден без рестрикции заемане за дома 212128 Регионална библиотека "Любен Каравелов" Русе Регионална библиотека "Любен Каравелов" Русе Заемна - подръчен фонд 2012-11-15 Заемна - подръчен фонд 12.00 120000761003 П 882-3/В 70 120000761003 1 6.14 Дост: Pk Вид: Ф N: 4543 Дата: 08.11.2012 Книги  
  Не е изгубен Не е повреден без рестрикции ползва се в читалня 212129 Регионална библиотека "Любен Каравелов" Русе Регионална библиотека "Любен Каравелов" Русе Хранилище 2013-06-20 Хранилище 12.00 120000767167 Цб 257077 120000767167 2 6.14 Дост: Dp Вид: Д N: 8 Дата: 20.02.2012 Книги  
  Не е изгубен Не е повреден без рестрикции заемане за дома 687951 Регионална библиотека "Любен Каравелов" Русе Регионална библиотека "Любен Каравелов" Русе Заемна - подръчен фонд 2019-01-02 Заемна - подръчен фонд 12.00   930/В 70 Г 120000828624   6.14   Книги Universal Decimal Classification
Vip Innovations Ltd, Rousse, Bulgaria 2025